000 00659nam a2200253Ia 4500
001 48496
005 20240114003912.0
007 ta
008 090514s1927 g b000 u 465 u
020 _cHB
040 _aCotton College,Assam
041 _a465
082 _a823
_bF 751 G
100 _aFord, Ford Madox .
245 0 _aThe Good Soldier: A Tale of Passion /
_cFord Madox Ford.
_hTextual Documents
250 _a1st ed /
260 _aMiddlesex :
_bPenguin Books Ltd ,
_c1927.
300 _a234p ;
_c21 cm.
653 _aEnglish Literature
653 _aG-English
942 _2ddc
_cBK
999 _c48461
_d48461